000 00290nam a22001337a 4500
008 170904b xxu||||| |||| 00| 0 eng d
020 _a9780312601782
041 _aeng
080 _a070
100 _a40
101 _aMED
245 _aWRITING TOGETHER
_cLUNSFORD.AA.
942 _2udc
_cBK
999 _c26059
_d26059